00488nam a22001577a 450000500170000001000150001702000250003203500140005703700130007108200110008410000240009524500810011926000580020027000500025830000220030820170421142151.0 aENG-117917 a9789350692110c95.00 aEN-101449 bDBAD/PUB a230.51 aKamaraju,Anil Kumar aSai Blossoms :bSunday talks in Prasanthi Nilayam /c by Anil Kumar Kamaraju aPrasanthi NilayambSri Sathya Sai Sadhana Trustc2015 aAnantapur DistrictbPrasanthi Nilayame515134 a282p.c21cm (pbk)